Who Was the Winning-est? - Statistics

General Stats
  • This quiz has been taken 19 times
  • The average score is 12 of 26
Answer Stats
Award
Category
# Answer % Correct
Nobel Prizes Country 428 United States
100%
Summer Olympic Medals Country 2,765 United States
100%
FIFA World Cups Country 5 Brazil
79%
Winter Olympic Medals Country 406 Norway
79%
Person 28 Michael Phelps
74%
Academy Awards Film 11 Ben-Hur | Titanic | The Lord of the Rings: The Return of the King
68%
Super Bowls Team 6 Pittsburgh Steelers | New England Patriots
68%
Ballons d'Or Person 8 Lionel Messi
63%
Champions League Titles Team 15 Real Madrid
58%
NBA Championships Team 18 Boston Celtics
53%
English Premier League Titles Team 13 Manchester United
53%
Person 2 Marie Curie | Linus Pauling | John Bardeen | Frederick Sanger | Karl Barry Sharpless
53%
Stanley Cups Team 24 Montreal Canadiens
53%
World Series Team 27 New York Yankees
53%
Grammys Person 35 Beyoncé
47%
Comedy Series 37 The Simpsons | Frasier
37%
Band 22 U2
37%
Time Person of the Year Person 3 Franklin D. Roosevelt
32%
Drama Series 59 Game of Thrones
21%
Person 22 Walt Disney
21%
Primetime Emmys TV Series 95 Saturday Night Live
16%
Pulitzer Prizes for Fiction Person 2 Booth Tarkington | William Faulkner | John Updike | Colson Whitehead
11%
Woman 18 Larisa Latynina
11%
Tonys Musical 12 The Producers
5%
Person 15 Marit Bjørgen
0%
Straight Play 7 The Coast of Utopia
0%
No matching quizzes found
Score Distribution
Percent of People with Each Score
Percentile by Number Answered
Your Score History
You have not taken this quiz